000 00554nam a2200181Ia 4500
008 100920s9999 xx 000 0 und d
082 _b79704
_a891.463.1 न 01
100 _aदेसाई अरूणा.
245 _aवेदवती.
260 _bपॅपिलॉन पब्लिशिंग हाऊस, पुणे.
_c2001
300 _a159
_bसाधी
365 _b140
520 _aलघुकथा.
630 _aवेदवती.
650 _aलघुकथा.
730 _aवेदवती.
942 _cBOOK
999 _c720685
_d720682